My Favorite Batman Villains - Statistics

General Stats
  • This quiz has been taken 66 times
    39 since last reset
  • The average score is 8 of 10
Answer Stats
Picture Answer % Correct
Riddler
100%
Two-Face
100%
Bane
97%
Joker
97%
Killer Croc
97%
Deathstroke
91%
Scarecrow
75%
Eraser
59%
Bookworm
34%
Mr. Bloom
28%
No matching quizzes found
Score Distribution
Percent of People with Each Score
Percentile by Number Answered
Your Score History
You have not taken this quiz since the last reset